مناهج البحث العلمي وتطبيقاتة الإحصائية / (Record no. 123737)

MARC details
000 -LEADER
fixed length control field 00565nam a22001817a 4500
005 - DATE AND TIME OF LATEST TRANSACTION
control field 20251108175014.0
008 - FIXED-LENGTH DATA ELEMENTS--GENERAL INFORMATION
fixed length control field 250721s2011 xx 000 0 ara d
082 14 - DEWEY DECIMAL CLASSIFICATION NUMBER
Classification number 001.422/ضمد
100 1# - MAIN ENTRY--PERSONAL NAME
Personal name الضمد، عبدالستار جبار
245 10 - TITLE STATEMENT
Title مناهج البحث العلمي وتطبيقاتة الإحصائية /
264 1# - PRODUCTION, PUBLICATION, DISTRIBUTION, MANUFACTURE, AND COPYRIGHT NOTICE
Place of production, publication, distribution, manufacture عمان :
Name of producer, publisher, distributor, manufacturer دار الفرقان،
Date of production, publication, distribution, manufacture, or copyright notice 2011.
300 ## - PHYSICAL DESCRIPTION
Extent 244ص.
650 17 - SUBJECT ADDED ENTRY--TOPICAL TERM
Topical term or geographic name as entry element الابحاث
650 17 - SUBJECT ADDED ENTRY--TOPICAL TERM
Topical term or geographic name as entry element اساليب البحث
650 17 - SUBJECT ADDED ENTRY--TOPICAL TERM
Topical term or geographic name as entry element الاحصاء الرياضي
942 ## - ADDED ENTRY ELEMENTS (KOHA)
Source of classification or shelving scheme Dewey Decimal Classification
Koha item type Books
Holdings
حالة السحب حالة الفقدان مصدر التصنيف حالة التلف غير قابل للإعارة المكتبة الرئيسية المكتبة الحالية موقع الرف تاريخ التزويد الرقم المتسلسل Total Checkouts رقم الإستدعاء تاريخ آخر ظهور تاريخ الفاتورة نوع المادة (كوها) الباركود
    Dewey Decimal Classification     المكتبة المركزية المكتبة المركزية مقتنيات قسم التزويد 28/07/2025 1483316   001.422/ضمد 28/07/2025 28/07/2025 Books  
    Dewey Decimal Classification     مكتبة الأميرة ايمان العامة مكتبة الأميرة ايمان العامة الإعارة 27/07/2011 1483317   001.422/ضمد 28/07/2025 27/07/2011 Books PLD00217021
    Dewey Decimal Classification     مكتبة البراعم الواعدة مكتبة البراعم الواعدة الإعارة 27/07/2011 1483322   001.422/ضمد 28/07/2025 27/07/2011 Books PLD00217026
    Dewey Decimal Classification     مكتبة الجويدة مكتبة الجويدة الإعارة 27/07/2011 1483320   001.422/ضمد 28/07/2025 27/07/2011 Books PLD00217024
    Dewey Decimal Classification     مكتبة النصر العامة مكتبة النصر العامة الإعارة 27/07/2011 1483319   001.422/ضمد 28/07/2025 27/07/2011 Books PLD00217023
Implemented & Customized by: BBB with SCIT (Smart Chains for Information Technology)

Powered by Koha